000 00647cam a22002174a 4500
001 3527171
005 20250222110407.0
008 961029s1997 enka b 001 0 eng
020 _a013239278X
050 0 0 _aHF5635
_b.G483 1997
082 0 0 _a657
_221
100 1 _aGillespie, Ian.
245 1 0 _aPrinciples of financial accounting /
_cIan Gillespie, Richard Lewis, Kay Hamilton.
260 _aLondon ;
_aNew York :
_bPrentice Hall,
_c1997.
300 _axv, 472 p. :
_bill. ;
_c24 cm.
650 0 _aAccounting.
650 0 _aFinancial statements.
700 1 _aLewis, Richard,
_d1941 Sept 30-
700 1 _aHamilton, Kay.
942 _2lcc
_cBK
_n0
999 _c4122
_d4122